<?xml version="1.0" encoding="UTF-8"?>
<record
    xmlns:xsi="http://www.w3.org/2001/XMLSchema-instance"
    xsi:schemaLocation="http://www.loc.gov/MARC21/slim http://www.loc.gov/standards/marcxml/schema/MARC21slim.xsd"
    xmlns="http://www.loc.gov/MARC21/slim">

  <leader>01067nas a2200265 i 4500</leader>
  <controlfield tag="001">893</controlfield>
  <controlfield tag="003">ES-MaACL</controlfield>
  <controlfield tag="005">20250511094118.0</controlfield>
  <controlfield tag="007">t|</controlfield>
  <controlfield tag="008">950801d19371963sp  |         |  1 ||pa d</controlfield>
  <datafield tag="245" ind1="0" ind2="0">
    <subfield code="a">Fotos </subfield>
    <subfield code="b">: semanario gr&#xE1;fico / </subfield>
    <subfield code="c">dir., Fernando Cast&#xE1;n Palomar.</subfield>
  </datafield>
  <datafield tag="260" ind1=" " ind2=" ">
    <subfield code="a">[San Sebasti&#xE1;n : </subfield>
    <subfield code="b">s.n., </subfield>
    <subfield code="c">1937-1963] (</subfield>
    <subfield code="f">Talleres Tipogr&#xE1;ficos de "Unidad")</subfield>
  </datafield>
  <datafield tag="300" ind1=" " ind2=" ">
    <subfield code="a">v. ; </subfield>
    <subfield code="c">37 cm.</subfield>
  </datafield>
  <datafield tag="310" ind1=" " ind2=" ">
    <subfield code="a">Semanal</subfield>
  </datafield>
  <datafield tag="362" ind1="0" ind2=" ">
    <subfield code="a">A&#xF1;o 1, n. 1 (25 feb. 1937)-a&#xF1;o 26, n. 1389 (12 oct. 1963)</subfield>
  </datafield>
  <datafield tag="500" ind1=" " ind2=" ">
    <subfield code="a">Desde marzo 1940 se edita en Madrid.</subfield>
  </datafield>
  <datafield tag="500" ind1=" " ind2=" ">
    <subfield code="a">Variaciones en el subt&#xED;t.</subfield>
  </datafield>
  <datafield tag="530" ind1=" " ind2=" ">
    <subfield code="a">Disponible en formato digital.</subfield>
  </datafield>
  <datafield tag="650" ind1="1" ind2="4">
    <subfield code="a">Revistas de informaci&#xF3;n general.</subfield>
    <subfield code="9">16896</subfield>
  </datafield>
  <datafield tag="700" ind1="1" ind2=" ">
    <subfield code="a">Cast&#xE1;n Palomar, Fernando, </subfield>
    <subfield code="d">1898-1963</subfield>
    <subfield code="9">36390</subfield>
  </datafield>
  <datafield tag="852" ind1=" " ind2=" ">
    <subfield code="a">ES-MaACL</subfield>
    <subfield code="j">HEM-GF-60</subfield>
  </datafield>
  <datafield tag="856" ind1=" " ind2=" ">
    <subfield code="u">http://bibliotecavirtual.malaga.es/i18n/consulta/registro.cmd?id=17931</subfield>
    <subfield code="z">Biblioteca Virtual de M&#xE1;laga</subfield>
  </datafield>
  <datafield tag="866" ind1=" " ind2="0">
    <subfield code="o">(1943 n&#xBA; 347-356) 1944-52(1953f.n.827y851y858y863)1954(1955f.n.949y974)(1956f.n.1013)1957(1958f.n.1122)1959-60.</subfield>
  </datafield>
  <datafield tag="999" ind1=" " ind2=" ">
    <subfield code="c">893</subfield>
    <subfield code="d">893</subfield>
  </datafield>
  <datafield tag="952" ind1=" " ind2=" ">
    <subfield code="0">0</subfield>
    <subfield code="1">0</subfield>
    <subfield code="4">0</subfield>
    <subfield code="7">0</subfield>
    <subfield code="8">Colecci&#xF3;n_digital</subfield>
    <subfield code="a">ATENEOM</subfield>
    <subfield code="b">ATENEOM</subfield>
    <subfield code="c">DEPO1</subfield>
    <subfield code="d">2008-01-17</subfield>
    <subfield code="e">SC</subfield>
    <subfield code="l">0</subfield>
    <subfield code="o">HEM-GF-60</subfield>
    <subfield code="p">1000909</subfield>
    <subfield code="r">2023-02-23 00:00:00</subfield>
    <subfield code="w">2023-02-23</subfield>
    <subfield code="y">PERIODICA</subfield>
  </datafield>
</record>
